000
00267nam a22001217a 4500
008
180130b xxu||||| |||| 00| 0 eng d
041
_a
eng
080
_a
32
100
_a
19
101
_a
pol
245
_a
population and development
_c
geoffrey.h
942
_2
udc
_c
BK
999
_c
41229
_d
41229